00442nam a2200181Ia 4500003000900000008004100009040001300050040001300063041000800076100002200084245007400106250000900180260002100189260000900210300000800219490002700227490000600254IT-RoPAU120407s9999 xx 000 0 und d aIT-RoPAU cIT-RoPAU aita aFrancesco Pollien aLa vita interiore semplificata e ricondotta al suo fondamento. 5. ed. aRoma aEdizioni Paoline c1961 c cm aOrientamenti 1. serie v1